[Event "POL-chT2"]
[Site "Wisla"]
[Date "1998.??.??"]
[Round "?"]
[White "Kaula, Roman"]
[Black "Swol, Michal"]
[Result "1/2-1/2"]
[WhiteElo "2315"]
[BlackElo "2250"]

1.e4 c5 2.Nf3 Nc6 3.Bb5 e6 4.O-O Nge7 5.Re1 a6 6.Bf1 d5 7.exd5 Nxd5 8.c3 Be7
9.Na3 O-O 10.Nc2 b6 11.d4 Bb7 12.Ne3 cxd4 13.Nxd4 Nxd4 14.Qxd4 Bc5 15.Qg4 Qf6
16.Qg3 Nxe3 17.Bxe3 Qe7 18.Rad1  1/2-1/2

[Event "POL-chT2"]
[Site "Wisla"]
[Date "1998.??.??"]
[Round "?"]
[White "Kruszynski, Wlodzimierz"]
[Black "Dubas, L."]
[Result "1-0"]
[WhiteElo "2335"]
[BlackElo "2220"]

1.e4 c5 2.Nf3 Nc6 3.Bb5 e6 4.O-O Nge7 5.Nc3 a6 6.Bxc6 Nxc6 7.d4 cxd4 8.Nxd4 Be7
9.Nxc6 dxc6 10.Qh5 Qd4 11.Be3 Qf6 12.f4 O-O 13.Rad1 g6 14.Qe2 e5 15.f5 b5
16.Bb6 a5 17.Qe3 Qg5 18.Qf3 Ba6 19.Rf2 b4 20.Ne2 Rfd8 21.Bxd8 Rxd8 22.Rxd8+ Bxd8
23.fxg6 Qxg6 24.Qe3 Qd6 25.Ng3 b3 26.Qxb3  1-0

[Event "POL-chT2"]
[Site "Wisla"]
[Date "1998.??.??"]
[Round "?"]
[White "Moniszka, Krzysztof"]
[Black "Kopacz, Jaroslaw"]
[Result "1/2-1/2"]
[WhiteElo "2050"]
[BlackElo "2200"]

1.e4 c5 2.Nf3 Nc6 3.Bb5 g6 4.O-O Bg7 5.Re1 e5 6.Bxc6 dxc6 7.d3 Qe7 8.Bg5 Nf6
9.Nbd2 h6 10.Bh4 b5 11.a4 O-O 12.Nf1 Qd6 13.Qe2 Nh5 14.Bg3 Be6 15.Ne3 Rfd8  1/2-1/2

[Event "POL-chT2"]
[Site "Wisla"]
[Date "1998.??.??"]
[Round "?"]
[White "Rybak, Agnieszka"]
[Black "Stec, Ewa"]
[Result "1/2-1/2"]
[WhiteElo "2100"]
[BlackElo "2080"]

1.e4 c5 2.Nf3 Nc6 3.Bb5 e6 4.O-O Nge7 5.Re1 a6 6.Bxc6 dxc6 7.d4 cxd4 8.Qxd4 Qxd4
9.Nxd4 Ng6 10.Nc3 Bb4 11.Bd2 O-O 12.a3  1/2-1/2

[Event "POL-chT2"]
[Site "Wisla"]
[Date "1998.??.??"]
[Round "?"]
[White "Stefanek, Piotr"]
[Black "Pyda, Zbigniew"]
[Result "0-1"]
[WhiteElo "2215"]
[BlackElo "2405"]

1.e4 c5 2.Nf3 Nc6 3.Bb5 g6 4.Bxc6 dxc6 5.d3 Bg4 6.h3 Bxf3 7.Qxf3 Bg7 8.O-O Nf6
9.Be3 Nd7 10.c3 Ne5 11.Qg3 Qxd3 12.Na3 Rd8 13.Rad1 Qxd1 14.Rxd1 Rxd1+ 15.Kh2 b6
16.Bh6 Bxh6 17.Qxe5 O-O 18.Qxe7 Rd2 19.Nc4 Bf4+ 20.g3 Rxf2+ 21.Kg1 Bxg3 22.Qg5 Rf3
23.Kg2 Rd3 24.e5 f6 25.exf6 Re8 26.Qg4 Bc7 27.h4 Rg3+  0-1

[Event "POL-chT2"]
[Site "Wisla"]
[Date "1998.??.??"]
[Round "?"]
[White "Tustanowski, Robert"]
[Black "Pyda, Zbigniew"]
[Result "1/2-1/2"]
[WhiteElo "2260"]
[BlackElo "2405"]

1.e4 c5 2.Nf3 Nc6 3.Bb5 g6 4.Bxc6 dxc6 5.h3 e5 6.d3 f6 7.Be3 Nh6 8.O-O Nf7
9.Nh2 Qe7 10.Nc3 Bg7 11.Qd2 O-O 12.f4 exf4 13.Rxf4 b6 14.Raf1 Ne5 15.R4f2 Be6
16.Nf3 Rae8 17.Nxe5 fxe5 18.Rxf8+ Rxf8 19.Rxf8+ Qxf8 20.b3 Qd6 21.Ne2 Qf8
22.Qc1 Qe7 23.Kh2 Qf7 24.Ng1 Qf8 25.Nf3 h6 26.Qe1 g5 27.Qg3 Qe8 28.Bc1 Bf7
29.Bb2 Bh5 30.Bxe5 Bf8 31.Bb2 Qe6 32.Kh1 Bd6 33.Qf2 Bf4 34.Kg1 Qf7 35.Bc3 g4
36.hxg4 Bxg4 37.Ne5 Bxe5 38.Qxf7+ Kxf7 39.Bxe5 Bd1 40.Bb8 Bxc2 41.Bxa7 Bxd3
42.Bxb6 Bxe4 43.a4 h5 44.Bxc5 Ke6 45.Kf2 Kd7 46.b4  1/2-1/2

[Event "POL-chT2"]
[Site "Wisla"]
[Date "1998.??.??"]
[Round "?"]
[White "Volzhin, Alexander"]
[Black "Zezulkin, Jurij"]
[Result "1/2-1/2"]
[WhiteElo "2530"]
[BlackElo "2505"]

1.e4 c5 2.Nf3 Nc6 3.Bb5 d6 4.Bxc6+ bxc6 5.O-O e5 6.c3 f5 7.exf5 Bxf5 8.d4 e4
9.Re1 Nf6 10.Bg5 Be7 11.dxc5 d5 12.Nd4 Qd7 13.Nd2 O-O 14.b4 Bg4 15.Qb3 Kh8
16.f3 exf3 17.N2xf3 Bxf3 18.Nxf3 Ne4 19.Bxe7 Qxe7 20.c4 Rf5 21.cxd5 cxd5
22.Rad1 Qf7 23.a3 Rf8 24.Rf1 g5 25.Qd3 Qg7 26.Qd4 R8f6 27.Qa1 g4 28.Nd2 Nf2
29.Rde1 Nh3+ 30.Kh1 Nf2+ 31.Kg1 Nh3+ 32.Kh1 Nf2+  1/2-1/2

[Event "POL-chT2"]
[Site "Wisla"]
[Date "1998.??.??"]
[Round "?"]
[White "Walkusz, Malgorzata"]
[Black "Jalowiec, Halina"]
[Result "1/2-1/2"]
[WhiteElo "2025"]
[BlackElo "2155"]

1.e4 c5 2.Nf3 Nc6 3.Bb5 g6 4.O-O Bg7 5.c3 e5 6.d3 Nge7 7.Be3 b6 8.d4 cxd4
9.cxd4 a6 10.Ba4 b5 11.Bc2 O-O 12.d5 Na5 13.Nc3 Nc4 14.Bc1 d6 15.h3 Bd7 16.b3 Nb6
17.Be3 Rc8 18.Qd2 Qc7 19.Rac1 Qxc3 20.Bxb6 Bxh3 21.Qxc3 Rxc3 22.Ba5 Rxf3
23.gxf3 Bxf1 24.Rxf1 f5 25.Kg2 Kf7 26.Bd3 Bh6 27.Bc7 fxe4 28.fxe4 Nc8 29.a4 Bd2
30.axb5 axb5 31.Bxb5 Ke7 32.Ra1 Bb4 33.Ba5 Bc5 34.f3 Nb6 35.b4 Bd4 36.Rc1 Rc8
37.Rxc8 Nxc8 38.Bc6 Nb6 39.Bxb6 Bxb6 40.Kg3 Kf6 41.Bb5 Kg5  1/2-1/2

[Event "EUCup final (Women)"]
[Site "Wuppertal"]
[Date "1998.??.??"]
[Round "2"]
[White "Lakos, Nikoletta"]
[Black "Ciuksyte, Dagne"]
[Result "1-0"]
[WhiteElo "2385"]
[BlackElo "2270"]

1.e4 c5 2.Nf3 Nc6 3.Bb5 g6 4.Bxc6 dxc6 5.d3 Bg7 6.h3 e5 7.Be3 Qe7 8.a4 Nf6
9.Nc3 b6 10.a5 b5 11.Nd2 Be6 12.O-O O-O 13.Qe1 Rad8 14.f3 Nd7 15.Qf2 Bf6
16.Ne2 a6 17.Kh2 Rb8 18.g3 c4 19.d4 b4 20.dxe5 Bxe5 21.Nd4 Rfc8 22.Nxe6 Qxe6
23.Bd4 Rb5 24.Bxe5 Rxe5 25.f4 Rh5 26.f5 gxf5 27.exf5 Qh6 28.h4 Ne5 29.Qe2 Rd8
30.Ne4 Kh8 31.Kh3 Rg8 32.Nf6  1-0

[Event "Trinec op"]
[Site "Trinec"]
[Date "1999.01.02"]
[Round "8"]
[White "Pokrupa, Marek"]
[Black "Staszko, Martin"]
[Result "1-0"]
[WhiteElo "2080"]
[BlackElo "2080"]

1.e4 c5 2.Nf3 Nc6 3.Bb5 g6 4.Bxc6 dxc6 5.d3 Bg7 6.h3 Qc7 7.Nc3 Nf6 8.Be3 b6
9.Qd2 Be6 10.Bf4 Qb7 11.Bh6 Bxh6 12.Qxh6 O-O-O 13.Ng5 Qd7 14.O-O-O Ng8 15.Qg7 Nf6
16.Qh6 Ng8 17.Qh4 Nf6 18.f4 h6 19.Nf3 Qc7 20.Rhf1 Rdg8 21.e5 Nd5 22.Nxd5 Bxd5
23.Qe1 Bxf3 24.Rxf3 Rd8 25.Qe3 Rd5 26.Rdf1 h5 27.Re1 e6 28.g4 hxg4 29.hxg4 Rd4
30.Ref1 Qd7 31.c3 Rd5 32.Kc2 Rh2+ 33.R1f2 Rxf2+ 34.Qxf2 Kc7 35.f5 Rxe5 36.fxg6 f5
37.gxf5 exf5 38.Qg3 Qe7 39.g7 Kb7 40.g8=Q Re2+ 41.Kb3 Ka6 42.Q3g7 c4+ 43.dxc4  1-0

[Event "Bad Zwesten op"]
[Site "Bad Zwesten"]
[Date "1999.01.04"]
[Round "4"]
[White "Seul, Georg"]
[Black "Pfretzschner, Roland"]
[Result "1-0"]
[WhiteElo "2441"]
[BlackElo "2285"]

1.e4 c5 2.Nf3 Nc6 3.Bb5 g6 4.O-O Bg7 5.Bxc6 bxc6 6.Re1 Nf6 7.d3 O-O 8.h3 d5
9.Nc3 Ba6 10.e5 Ne8 11.Na4 Qa5 12.b3 Nc7 13.Bd2 Qb5 14.c4 Qb8 15.Nxc5 Bc8
16.Rc1 Na6 17.Nxa6 Bxa6 18.Bg5 Qb7 19.Qd2 dxc4 20.dxc4 Qc7 21.Bh6 c5 22.Rcd1 Rad8
23.Qe3 Bb7 24.Bxg7 Kxg7 25.Nh2 Qc6 26.f3 Bc8 27.Ng4 Rfe8 28.Nf2 Bf5 29.g4 Be6
30.Ne4 Rc8 31.Rd2 Qc7 32.Qc3 Red8 33.Red1 Kf8 34.Rxd8+ Rxd8 35.Rxd8+ Qxd8
36.Nxc5 Qd1+ 37.Kf2 Qh1 38.Nxe6+ fxe6 39.c5 g5 40.c6 Qh2+ 41.Ke1 Qg1+ 42.Kd2 Qf2+
43.Kc1 Qf1+ 44.Kb2 Qe2+ 45.Kb1 Qd1+ 46.Qc1 Qxf3 47.Qc2 Qf1+ 48.Kb2 Qe1 49.Qc5 Qe2+
50.Ka3 Qa6+ 51.Kb4 Qxa2 52.c7 a5+ 53.Kb5 Qxb3+ 54.Ka6 Qd3+ 55.Qb5  1-0

[Event "Bad Zwesten op"]
[Site "Bad Zwesten"]
[Date "1999.01.05"]
[Round "6"]
[White "Seul, Georg"]
[Black "Solonar, Stephan"]
[Result "1-0"]
[WhiteElo "2441"]
[BlackElo "2307"]

1.e4 c5 2.Nf3 Nc6 3.Bb5 g6 4.Bxc6 bxc6 5.O-O Bg7 6.Re1 f6 7.c3 Nh6 8.d4 cxd4
9.cxd4 d6 10.Nc3 O-O 11.b3 e5 12.h3 Nf7 13.Bb2 Ba6 14.Qd2 Rb8 15.Rad1 Qb6
16.Qc2 Bh6 17.Bc1 Bxc1 18.Qxc1 Qb4 19.Qe3 Rb7 20.Nh2 Kg7 21.Nf3 Re7 22.Qd2 Rfe8
23.Rc1 Bb7 24.Red1 Rd8 25.Qb2 Ng5 26.Nxg5 fxg5 27.dxe5 Rxe5 28.a3 Qb6 29.Na4 Qc7
30.Nc5 Kh6 31.Nxb7 Qxb7 32.Rxd6 Rde8 33.Rdxc6 R8e7 34.f3 Rb5 35.b4 a5 36.R6c5 axb4
37.Rxb5 Qxb5 38.Qxb4 Qd3 39.Qc3 Qe2 40.Re1 Qa2 41.Qe3 Qf7 42.e5 Qf4 43.Qxf4 gxf4
44.e6 Kg7 45.h4 Kf6 46.Re4 Rxe6 47.Rxe6+ Kxe6 48.Kh2 Kd5  1-0

[Event "Bad Zwesten op"]
[Site "Bad Zwesten"]
[Date "1999.01.05"]
[Round "6"]
[White "Ackermann, Hans Werner"]
[Black "Mainka, Romuald"]
[Result "0-1"]
[WhiteElo "2300"]
[BlackElo "2485"]

1.e4 c5 2.Nf3 Nc6 3.Bb5 e6 4.O-O Nge7 5.c3 a6 6.Be2 d5 7.exd5 Nxd5 8.d4 cxd4
9.Nxd4 Bd6 10.Nxc6 bxc6 11.c4 Ne7 12.Nc3 Qc7 13.h3 O-O 14.Ne4 Be5 15.Qc2 c5
16.Be3 f5 17.Ng5 Rb8 18.Rab1 h6 19.Nf3 Bf6 20.Ne1 e5 21.f3 f4 22.Bf2 Nf5
23.Bd3 Bh4 24.Qc3 Bf6 25.Qc2 Nd6 26.Be4 Kh8 27.b3 Nxe4 28.fxe4 g5 29.Nd3 g4
30.hxg4 Bxg4 31.Qc3 Rbd8 32.Nxc5 Rg8 33.Rb2 Rg6 34.Nxa6 Qg7 35.Bb6 Rg8 36.Qd3 Bc8
37.Qe2 Bxa6 38.a4 Bc8 39.Kh1 Bh4 40.a5 Bg3 41.Kg1 Qe7 42.Qh5 Bg4 43.Qh1 Qb4
44.Rc1 Kh7 45.Kf1 Qd6 46.Bf2 Qd3+ 47.Kg1 Rd8  0-1

[Event "Australian op"]
[Site "Suncoast"]
[Date "1999.01.05"]
[Round "4"]
[White "Solomon, Stephen J"]
[Black "Speck, Nick"]
[Result "0-1"]
[WhiteElo "2435"]
[BlackElo "2255"]

1.e4 c5 2.Nf3 Nc6 3.Bb5 e6 4.Bxc6 bxc6 5.d3 d6 6.e5 dxe5 7.Nxe5 Qd5 8.Nf3 c4
9.Nc3 Bb4 10.Bd2 Bxc3 11.Bxc3 Ne7 12.Bxg7 Rg8 13.Bf6 cxd3 14.Qxd3 Qxd3 15.cxd3 Rxg2
16.Ke2 Ba6 17.Rag1 Rg6 18.Bxe7 Kxe7 19.Ne5 Rxg1 20.Rxg1 c5 21.f4 Bb5 22.Rg7 Be8
23.Rxh7 Rb8 24.b3 a5 25.Ke3 a4 26.Rxf7+ Bxf7 27.Nc6+ Kd6 28.Nxb8 axb3 29.axb3 Kc7
30.d4 cxd4+ 31.Kxd4 Kxb8 32.Ke5 Kc7 33.b4 Kd7 34.Kf6 Be8 35.b5 Kd6 36.b6 Kc6
37.Kxe6 Kxb6 38.f5 Kc5 39.f6 Kd4  0-1

[Event "Australian op"]
[Site "Suncoast"]
[Date "1999.01.07"]
[Round "6"]
[White "Smith, Robert W"]
[Black "Sutherland, John"]
[Result "1-0"]
[WhiteElo "2310"]
[BlackElo "2055"]

1.e4 c5 2.Nf3 Nc6 3.Bb5 g6 4.c3 Bg7 5.d4 Qb6 6.a4 a6 7.dxc5 Qxc5 8.Be3 Qh5
9.Be2 Qa5 10.Na3 Nf6 11.Nc4 Qc7 12.e5 Ng4 13.Nb6 Nxe3 14.Nxa8 Nxg2+ 15.Kf1 Qb8
16.Kxg2 Qxa8 17.Bc4 Qb8 18.Re1 Bxe5 19.Qd5 Bf6 20.Qxf7+ Kd8 21.Re4 Kc7 22.Rd1 Kb6
23.Qd5 e6 24.Qd2 Ka7 25.Rf4 Rf8 26.Qd6 Qxd6 27.Rxd6 Be7 28.Rxf8 Bxf8 29.Rd1 Kb6
30.Bd3 Be7 31.Nd2 d5 32.f4 Bd7 33.Bc2 Nd8 34.Nf3 Bf6 35.Re1 Ka5 36.Ne5 Bxe5
37.b4+ Kb6 38.Rxe5 a5 39.b5 Kc5 40.Bb3 Nf7 41.Re1 Nd6 42.Kf3 Ne4 43.Rxe4 dxe4+
44.Kxe4 Kd6 45.Kd4 b6 46.Bc2 Be8 47.h4 Bf7 48.Be4 h6 49.c4 Be8 50.Bf3 Bd7
51.Bg2 Be8 52.Be4 Bf7 53.Bc6 Bg8 54.Be8 Bh7 55.Bf7 g5 56.hxg5 hxg5 57.fxg5 Bc2
58.g6 Ke7 59.c5 bxc5+ 60.Kxc5  1-0

[Event "ISR-chT"]
[Site "Israel"]
[Date "1999.01.08"]
[Round "1"]
[White "Vydeslaver, Alik"]
[Black "Shabtai, Ran"]
[Result "1-0"]
[WhiteElo "2405"]
[BlackElo "2295"]

1.e4 c5 2.Nf3 Nc6 3.Bb5 e6 4.Bxc6 bxc6 5.O-O Ne7 6.d3 Ng6 7.Ng5 d5 8.f4 f6
9.f5 fxg5 10.fxg6 hxg6 11.Qf3 Qc7 12.h3 Bd6 13.Bxg5 Rf8 14.Qe2 Rxf1+ 15.Qxf1 Bh2+
16.Kh1 Qe5 17.Nc3 Qxg5 18.Kxh2 d4 19.Na4 Bd7 20.Qf2 O-O-O 21.Rf1 Kc7 22.b3 Be8
23.Qf8 Qe5+ 24.Kh1 c4 25.Qe7+ Bd7 26.Nc5 cxd3 27.cxd3  1-0

[Event "Tapolca op"]
[Site "Budapest"]
[Date "1999.01.10"]
[Round "3"]
[White "Cselotei, Ivan"]
[Black "Chernyshov, Konstantin"]
[Result "0-1"]
[WhiteElo "2245"]
[BlackElo "2485"]

1.e4 c5 2.Nf3 Nc6 3.Bb5 d6 4.O-O Bg4 5.h3 Bh5 6.Re1 Qb6 7.Ba4 Bxf3 8.Qxf3 e6
9.c3 Ne7 10.d3 Qa6 11.Bc2 Ng6 12.Nd2 Be7 13.Nc4 O-O 14.Bd2 b5 15.Ne3 Bg5
16.g3 b4 17.Qe2 bxc3 18.bxc3 Bxe3 19.Bxe3 Rfb8 20.d4 Qxe2 21.Rxe2 cxd4 22.cxd4 Rb2
23.Bd3 Rb4 24.a3 Ra4 25.d5 Nd4 26.Bxd4 Rxd4 27.Bb5 Rb8 28.Bc6 Ne5 29.Rc1 g5
30.Kg2 Rb3 31.a4 Nd3 32.Rcc2 e5 33.Rcd2 Ne1+ 34.Kf1 Nf3 35.Rxd4 exd4 36.Bb5 d3
37.Re3 Rb1+ 38.Kg2 d2 39.Be2 Ne5 40.f4 gxf4 41.gxf4 Ng6 42.Rg3 Kf8 43.f5 Nf4+  0-1

[Event "BL2-S9899"]
[Site "Germany"]
[Date "1999.01.10"]
[Round "4.8"]
[White "Bayer, Bernhard"]
[Black "Hauke, Christian"]
[Result "0-1"]
[WhiteElo "2305"]
[BlackElo "2225"]

1.e4 c5 2.Nf3 Nc6 3.Bb5 e6 4.O-O Nge7 5.c3 d5 6.exd5 Qxd5 7.d4 cxd4 8.c4 Qh5
9.Nxd4 Qxd1 10.Rxd1 Bd7 11.Nc3 a6 12.Ne4 Nf5 13.Nxc6 axb5 14.Ne5 Bc6 15.Ng5 Nh6
16.Nxc6 bxc6 17.Nf3 Be7 18.cxb5 cxb5 19.Nd4 Rb8 20.Nc6 Rb7 21.Be3 Nf5 22.Bc5 O-O
23.Nxe7+ Nxe7 24.a4 bxa4 25.Rxa4 Rc8 26.Bxe7 Rxe7 27.Rb4 Rd7 28.Rb1 h5 29.h3 Rc2
30.Rb8+ Kh7 31.Rb3 e5 32.Rc3 Re2 33.Re3 Rxe3 34.fxe3 Rd3 35.Kf2 Rb3 36.Kf3 f5
37.g4 hxg4+ 38.hxg4 f4 39.Re1 Kg6 40.Ke4 Kg5 41.Re2 Rb4+ 42.Kd3 f3  0-1

[Event "BL2-N9899"]
[Site "Germany"]
[Date "1999.01.10"]
[Round "4.3"]
[White "Boehnisch, Manfred"]
[Black "Von Herman, Ulf"]
[Result "0-1"]
[WhiteElo "2335"]
[BlackElo "2380"]

1.e4 c5 2.Nf3 Nc6 3.Bb5 e6 4.O-O Nge7 5.c4 Ng6 6.Nc3 Bd6 7.d3 Qc7 8.Be3 b6
9.Ba4 a6 10.a3 Bb7 11.Rb1 O-O 12.Bc2 f5 13.d4 f4 14.dxc5 bxc5 15.Bc1 Nge5
16.Nxe5 Nxe5 17.b3 f3 18.g3 Ng4 19.Qd3 Be5 20.h3 Nf6 21.Bb2 Bd4 22.Kh2 Qe5
23.Nd1 Qh5 24.h4 Ng4+ 25.Kg1 Ne5 26.Qd2 Qg4 27.Kh2 Rf6 28.Bxd4 cxd4 29.Qg5 Bxe4
30.Bxe4 Qxe4 31.Nb2 Rf5 32.Rbe1 Qc2 33.Qc1 Qxb3 34.Re4 Rb8 35.Nd1 Qd3 36.Rfe1 Nxc4
37.Ne3 Nxe3 38.Qc7 Rbf8 39.R4xe3 dxe3 40.Rxe3 Qf1  0-1

[Event "BL2-S9899"]
[Site "Germany"]
[Date "1999.01.10"]
[Round "4.3"]
[White "Schlindwein, Rolf"]
[Black "Teske, Henrik"]
[Result "1/2-1/2"]
[WhiteElo "2433"]
[BlackElo "2500"]

1.e4 c5 2.Nf3 Nc6 3.Bb5 e5 4.O-O Nge7 5.c3 g6 6.b4 cxb4 7.cxb4 Bg7 8.Bb2 O-O
9.Bxc6 Nxc6 10.b5 Nd4 11.Nc3 Nxf3+  1/2-1/2

[Event "BL2-S9899"]
[Site "Germany"]
[Date "1999.01.10"]
[Round "4.2"]
[White "Velicka, Petr"]
[Black "Lomineishvili, Maia"]
[Result "1-0"]
[WhiteElo "2449"]
[BlackElo "2375"]

1.e4 c5 2.Nf3 Nc6 3.Bb5 g6 4.Bxc6 dxc6 5.h3 Bg7 6.d3 Nf6 7.Nc3 Nd7 8.Be3 e5
9.Qd2 Qe7 10.Bh6 Bxh6 11.Qxh6 f6 12.Nd2 Nf8 13.f4 exf4 14.Qxf4 Ne6 15.Qf2 Bd7
16.O-O-O O-O-O 17.Nf3 Nd4 18.Nxd4 cxd4 19.Qxd4 Bg4 20.Nd5 cxd5 21.hxg4 Qe5
22.Qxa7 d4 23.Kb1 Kc7 24.Rc1 Qb5 25.c3 Rd6 26.cxd4+ Kd7 27.Rc3 Ra6 28.Qc5 Qxc5
29.Rxc5 Rc6 30.Rb5 Kc8 31.d5 Rd6 32.g5 fxg5 33.e5 Rd7 34.d6 h5 35.Rb6 Kb8
36.a4 h4 37.e6 Rdh7 38.Rb4 Re8 39.Re4 Rhh8 40.Rc1 g4 41.e7 h3 42.gxh3 gxh3
43.d7  1-0

[Event "ISR-chT"]
[Site "Israel"]
[Date "1999.01.15"]
[Round "2"]
[White "Rechlis, Gad"]
[Black "Deutsch, Eyal"]
[Result "1-0"]
[WhiteElo "2520"]
[BlackElo "2200"]

1.e4 c5 2.Nf3 Nc6 3.Bb5 g6 4.O-O Bg7 5.Re1 d6 6.e5 d5 7.Bxc6+ bxc6 8.h3 c4
9.b3 Nh6 10.bxc4 dxc4 11.Qe2 Ba6 12.Nc3 O-O 13.Ba3 Re8 14.Rab1 Nf5 15.e6 f6
16.Qe4 Qa5 17.Bb4 Qc7 18.Na4 Nd6 19.Qf4 Rad8 20.Nc5 Bc8 21.Bc3 Nb5 22.Qxc7 Nxc7
23.Rb4 Nd5 24.Rxc4 Nxc3 25.Rxc3 f5 26.Ra3 Rd5 27.Ra5 Bh6 28.d4 Bg7 29.c3 a6
30.Ra3  1-0

[Event "Linares Anibal op"]
[Site "Linares"]
[Date "1999.01.15"]
[Round "8"]
[White "Svetushkin, Dmitry"]
[Black "Sorokin, Maxim"]
[Result "0-1"]
[WhiteElo "2460"]
[BlackElo "2570"]

1.e4 c5 2.Nf3 Nc6 3.Bb5 g6 4.O-O Bg7 5.Re1 e5 6.Bxc6 dxc6 7.d3 Qe7 8.a3 a5
9.a4 Nf6 10.Na3 O-O 11.Nc4 Nh5 12.Bd2 Qc7 13.Be3 b6 14.b4 b5 15.axb5 cxb5
16.Rxa5 Rxa5 17.Nxa5 cxb4 18.Nb3 Bg4 19.Na1 Ra8 20.Bd2 Bf8 21.h3 Bxf3 22.Qxf3 Ng7
23.Qd1 Ne6 24.Qb1 Nd4 25.Be3 Rxa1 26.Qxa1 Nxc2 27.Rc1 b3 28.Kh2 Nxa1 29.Rxc7 b2  0-1

[Event "Tapolca op"]
[Site "Budapest"]
[Date "1999.01.16"]
[Round "9"]
[White "Cselotei, Ivan"]
[Black "Boer, Levente"]
[Result "1/2-1/2"]
[WhiteElo "2245"]
[BlackElo "2090"]

1.e4 c5 2.Nf3 Nc6 3.Bb5 e6 4.O-O Nge7 5.Re1 a6 6.Bf1 d5 7.e5 Ng6 8.c3 d4
9.d3 b5 10.a4 Bb7 11.axb5 axb5 12.Rxa8 Bxa8 13.Na3 b4 14.Nc4 bxc3 15.bxc3 Be7
16.cxd4 cxd4 17.g3 O-O 18.h4 Bb4 19.Re4 Na5 20.Ng5 Nxc4 21.Qh5 h6 22.Nxe6 fxe6
23.Qxg6 Bxe4 24.Qxe6+ Kh8 25.Qxc4 Qc8 26.Qxb4 Bxd3 27.Ba3 Bxf1 28.Qxf8+ Qxf8
29.Bxf8 Bh3 30.f3 h5 31.Kf2 Bf5 32.Bc5 d3 33.Ke3 Kg8 34.Bb4 Kf7 35.Kf4 g6
36.Bd2 Bd7  1/2-1/2

[Event "BL9899 (Women)"]
[Site "Germany"]
[Date "1999.01.16"]
[Round "7.5"]
[White "Wagner Michel, Annett"]
[Black "Heinatz, Gundula"]
[Result "0-1"]
[WhiteElo "2130"]
[BlackElo "2185"]

1.e4 c5 2.Nf3 Nc6 3.Bb5 g6 4.O-O Bg7 5.Re1 Nf6 6.Nc3 O-O 7.h3 Nd4 8.Nxd4 cxd4
9.Nd5 e5 10.c3 Nxd5 11.exd5 dxc3 12.dxc3 d6 13.a4 f5 14.f4 a6 15.Bc4 Qh4
16.Rf1 g5 17.Be3 gxf4 18.Bf2 Qg5 19.Kh1 Kh8 20.Rg1 Rg8 21.Bf1 Bf6 22.c4 Rg7
23.b4 Bd7 24.Ra3 e4 25.Bd4 Rag8 26.Qa1 Bxd4 27.Qxd4 f3 28.g3 Re8 29.h4 Qg4
30.Kh2 e3 31.Qxg4 fxg4 32.Bd3 f2  0-1

[Event "NRW-Liga II 9899"]
[Site "GER"]
[Date "1999.01.20"]
[Round "5"]
[White "Seedorf, Sven"]
[Black "Bonnmann, Reinhard"]
[Result "1-0"]
[WhiteElo "2190"]
[BlackElo "2165"]

1.e4 c5 2.Nf3 Nc6 3.Bb5 g6 4.O-O Bg7 5.Nc3 Nf6 6.Bxc6 dxc6 7.d3 O-O 8.Be3 b6
9.h3 Nd7 10.Qd2 e5 11.Bh6 Re8 12.Bxg7 Kxg7 13.Nh2 f6 14.f4 exf4 15.Rxf4 Ne5
16.Ne2 a5 17.Raf1 Rf8 18.Qc3 Qd6 19.Nf3 Nxf3+ 20.R4xf3 Bd7 21.Kh1 Rae8 22.b3 Re5
23.R1f2 Rf7 24.Ng3 Kg8 25.Nf1 Qd4 26.Qxd4 cxd4 27.Rxf6 Rxf6 28.Rxf6 Rc5 29.Rf2 a4
30.Nh2 axb3 31.axb3 Ra5 32.Nf3 c5 33.Ne5 Be8 34.Nc4 Ra1+ 35.Kh2 b5 36.Nd6 Bc6
37.Rf7 Ra6 38.Rc7 h5 39.h4 Kf8 40.Kg3 Be8 41.e5 Rc6 42.Nxe8 Ra6 43.Nf6 Ra1
44.e6 Re1 45.Rf7+  1-0

[Event "Hamburg IM"]
[Site "Hamburg"]
[Date "1999.01.20"]
[Round "11"]
[White "Velicka, Petr"]
[Black "Buhr, Carl Christian"]
[Result "1/2-1/2"]
[WhiteElo "2465"]
[BlackElo "2320"]

1.e4 c5 2.Nf3 Nc6 3.Bb5 g6 4.Bxc6 bxc6 5.O-O Bg7 6.Re1 f6 7.c3 Nh6 8.h3 Nf7
9.d4 cxd4 10.cxd4 d6 11.Nc3 O-O 12.Be3  1/2-1/2

[Event "Ubeda op"]
[Site "Ubeda"]
[Date "1999.01.21"]
[Round "2"]
[White "Hamdouchi, Hichem"]
[Black "Pierrot, Facundo"]
[Result "1-0"]
[WhiteElo "2555"]
[BlackElo "2420"]

1.e4 c5 2.Nf3 Nc6 3.Bb5 g6 4.O-O Bg7 5.Bxc6 bxc6 6.d3 e5 7.Be3 d6 8.Nc3 Nf6
9.a3 a5 10.Na4 O-O 11.h3 Rb8 12.Nd2 Nh5 13.Rb1 Be6 14.b3 Nf4 15.Nc4 f5 16.Bxf4 exf4
17.Qf3 fxe4 18.dxe4 Qc7 19.Rfd1 Rbd8 20.Rd2 Bf7 21.Ncb2 g5 22.Rbd1 Rfe8 23.h4 h6
24.hxg5 hxg5 25.Qg4 Qe7 26.Nc4 Bxc4 27.bxc4 Be5 28.Rd3 Kg7 29.Rh3 Rh8 30.Rb1 Bf6
31.Qf5 Rxh3 32.gxh3 Be5 33.Rb6 Rf8 34.Qg4 Bf6 35.Rxc6 Qxe4 36.Rxd6 Qe1+ 37.Kg2 f3+
38.Qxf3 Be7 39.Rd1 Qe5 40.Qe3 Qf6 41.Qc3 Kg6 42.Qxf6+ Bxf6 43.Nxc5 Rc8 44.Rd5 Be7
45.Nd3  1-0

[Event "Maalox Plus op"]
[Site "Brasilia"]
[Date "1999.01.24"]
[Round "7"]
[White "Pelikian, Jefferson"]
[Black "Lucena, Lincoln"]
[Result "1/2-1/2"]
[WhiteElo "2415"]
[BlackElo "2245"]

1.e4 c5 2.Nf3 Nc6 3.Bb5 g6 4.O-O Bg7 5.c3 Nf6 6.Re1 O-O 7.d4 cxd4 8.cxd4 d5
9.e5 Ne4 10.Bxc6 bxc6 11.h3 Qb6 12.Nc3 Nxc3 13.bxc3 Qa6 14.Bg5 Re8 15.Qd2 Bf5
16.Rad1 Rab8 17.Nh4 Be6 18.Rb1 Rxb1 19.Rxb1 f6 20.Bh6 g5 21.Bxg7 Kxg7 22.Nf3 Bf5
23.Re1 Bg6 24.Nh2 h6 25.h4 Qc8 26.hxg5 hxg5 27.f4 g4 28.exf6+ exf6 29.Rxe8 Bxe8
30.Qe2 Bd7 31.Kf2 Kg6 32.Kg3 f5 33.Qe7 Qe8 34.Qxe8+ Bxe8 35.Nf1 Kf6 36.Nd2 Bd7
37.Nb3 Bc8 38.Nc5 Kg6 39.Kh4 Kh6 40.a3 Kg6 41.Nd3 Kh6 42.Ne5 Bb7  1/2-1/2

[Event "Saintly Cup"]
[Site "Sydney"]
[Date "1999.01.24"]
[Round "3"]
[White "Zhang Zhong"]
[Black "Oral, Tomas"]
[Result "1/2-1/2"]
[WhiteElo "2555"]
[BlackElo "2521"]

1.e4 c5 2.Nf3 Nc6 3.Bb5 e6 4.Bxc6 bxc6 5.O-O Ne7 6.b3 Ng6 7.Ba3 Be7 8.c3 O-O
9.d4 cxd4 10.Bxe7 Qxe7 11.cxd4 c5 12.Nc3 Ba6 13.Re1 cxd4 14.Qxd4 Rfc8 15.Rad1 Qc5
16.Qxc5 Rxc5 17.Rd6 Bc8 18.Na4 Rc2 19.Rd2 Rxd2 20.Nxd2 Kf8 21.Nc4 Ke7 22.Rd1 Bb7
23.Nc5 Bc6 24.Nd6 a5 25.f3 f6 26.Kf2 Ne5 27.Ke3 Rd8 28.Rd2 Nf7 29.Nc4 Ra8
30.Nb6 Rd8 31.Rc2 Rb8 32.Nca4 Nd6 33.Rc5 Nb7 34.Rc2 Nd6 35.Rc5 Nb7 36.Rc2  1/2-1/2

[Event "Ubeda op"]
[Site "Ubeda"]
[Date "1999.01.24"]
[Round "5"]
[White "Del Rio, Salvador Gabriel"]
[Black "Pogorelov, Ruslan"]
[Result "1-0"]
[WhiteElo "2365"]
[BlackElo "2450"]

1.e4 c5 2.Nf3 Nc6 3.Bb5 g6 4.O-O Bg7 5.c3 Nf6 6.d3 O-O 7.Re1 a6 8.Ba4 b5
9.Bb3 d6 10.Nbd2 e5 11.Nf1 h6 12.Ng3 Be6 13.Bxe6 fxe6 14.a4 Qd7 15.Qb3 b4
16.Bd2 Rfb8 17.Qc2 Rb6 18.Rad1 Rab8 19.Bc1 bxc3 20.bxc3 Qf7 21.Ba3 Na5 22.d4 cxd4
23.cxd4 exd4 24.e5 Nd5 25.Bxd6 Rc6 26.Qe4 Nc3 27.Qxd4 Nb3 28.Qg4 Rbc8 29.Rd3 Rc4
30.Ne4 h5 31.Qh4 Qf5 32.Rxc3 Rxc3 33.Nxc3 Rxc3 34.Qb4 Rxf3 35.gxf3 Qxf3 36.Re3 Qd1+
37.Qe1 Qd5 38.Qb1 Nd4 39.Qd3 Kh7 40.Re4 Nf5 41.Qxd5 exd5 42.Rb4 d4 43.Rb3 Kg8
44.Kg2 Kf7 45.Kf3 Ke6 46.Ke4 Nxd6+ 47.exd6 Kxd6 48.Rb6+  1-0

[Event "Saintly Cup"]
[Site "Sydney"]
[Date "1999.01.26"]
[Round "5"]
[White "Solomon, Stephen J"]
[Black "Johansen, Darryl K"]
[Result "1/2-1/2"]
[WhiteElo "2435"]
[BlackElo "2490"]

1.e4 c5 2.Nf3 Nc6 3.Bb5 e6 4.Bxc6 bxc6 5.d3 Ne7 6.Ng5 Ng6 7.f4 Be7 8.O-O Bxg5
9.fxg5 O-O 10.Be3 d6 11.Nd2 e5 12.Qh5 Be6 13.h3 f5  1/2-1/2

[Event "Ubeda op"]
[Site "Ubeda"]
[Date "1999.01.27"]
[Round "8"]
[White "Pedzich, Dominik"]
[Black "Bagaturov, Giorgi"]
[Result "1-0"]
[WhiteElo "2435"]
[BlackElo "2540"]

1.e4 c5 2.Nf3 Nc6 3.Bb5 e6 4.O-O Nge7 5.Re1 a6 6.Bxc6 Nxc6 7.d4 cxd4 8.Nxd4 d6
9.Nc3 Be7 10.Nxc6 bxc6 11.Qg4 g6 12.Bh6 f6 13.Qe2 Kf7 14.Rad1 Qb6 15.b3 Rd8
16.Be3 Qb4 17.Bd2 Qb7 18.Na4 a5 19.c4 e5 20.f4 Kg8 21.Rf1 Be6 22.Be3 Re8
23.h3 Rad8 24.Qf2 d5 25.fxe5 fxe5 26.Nc5 Bxc5 27.Bxc5 dxc4 28.Rxd8 Rxd8 29.Bd6 Qc8
30.Qc5 cxb3 31.axb3 Bxb3 32.Bxe5 Rf8 33.Rc1 Qe6 34.Bb2 h5 35.Qd4 Kf7 36.Qa7+ Ke8
37.Qb8+  1-0

[Event "Geneve op"]
[Site "Geneve"]
[Date "1999.01.29"]
[Round "7"]
[White "Meyer, Harvey"]
[Black "Lukasiewicz, Grzegorz"]
[Result "1/2-1/2"]
[WhiteElo "2139"]
[BlackElo "2362"]

1.e4 c5 2.Nf3 Nc6 3.Bb5 e6 4.Bxc6 bxc6 5.b3 d6 6.e5 d5 7.O-O Ba6 8.Re1 Nh6
9.d4 Nf5 10.Ba3 Qb6 11.Nc3 Bb5 12.Bxc5 Bxc5 13.dxc5 Qxc5 14.Qd2  1/2-1/2

[Event "Geneve op"]
[Site "Geneve"]
[Date "1999.01.30"]
[Round "8"]
[White "Velikhanli, Firuza"]
[Black "Bennett, John"]
[Result "1/2-1/2"]
[WhiteElo "2312"]
[BlackElo "2132"]

1.e4 c5 2.Nf3 Nc6 3.Bb5 e6 4.b3 Nge7 5.Bb2 a6 6.Be2 d5 7.exd5 Nxd5 8.g3 Nf6
9.O-O b5 10.a4 b4 11.Ne5 Nxe5 12.Bxe5 Bb7 13.Bf3 Bxf3 14.Qxf3 Qd5 15.Qe2 Be7
16.d3 O-O 17.Nd2 Nd7 18.Bb2 Bf6 19.Bxf6 Nxf6 20.Nc4 Nd7 21.Rae1 Rad8 22.Qd2 Qc6
23.Re2 Nf6 24.Rfe1 Rd5 25.Re5 Rfd8 26.Qe2 Qc7 27.f4 g6 28.a5 h5 29.Qf3 Rd4
30.R5e2 Kg7 31.Ne5 R4d6 32.h3 Nd7 33.g4 hxg4 34.hxg4 Rd5 35.Rh2 Nxe5 36.fxe5 Rxe5
37.Rf1 f5  1/2-1/2